Tunku Abdul Rahman : tokoh kemerdekaan Malaysia

Bibliographic Details
Main Author: Haris Fadillah
Format: Book
Published: Kuala Lumpur : Pustaka Bakti Wira , 1996
Series:Siri tokoh-tokoh negara
Subjects:

MARC

LEADER 00000cam a2200000 7i4500
001 0000006971
002 000007507
005 20040102.0
020 |a 9838271039 
090 0 0 |a 920   |b HAR 
100 0 |a Haris Fadillah 
245 1 0 |a Tunku Abdul Rahman :   |b tokoh kemerdekaan Malaysia   |c Haris Fadillah 
260 |a Kuala Lumpur :   |b Pustaka Bakti Wira ,   |c 1996 
300 |a 67 p. :   |b ill. ;   |c 21 cm. 
490 0 |a Siri tokoh-tokoh negara 
500 |a Koleksi Perdana Menteri Malaysia Aras 3 
650 0 0 |a Tunku Abdul Rahman Putra Al-Haj   |x Prime Ministers   |x Biography 
999 |a 053396   |b BUKU   |c MALAYSIANA   |e PERPUSTAKAAN KOMUNITI PETALING JAYA 
999 |a 053397   |b BUKU   |c MALAYSIANA   |e PERPUSTAKAAN KOMUNITI PETALING JAYA 
999 |a 053398   |b BUKU   |c MALAYSIANA   |e PERPUSTAKAAN KOMUNITI PETALING JAYA 
999 |a 054618   |b BUKU   |c JUNIOR BOOKS   |e PERPUSTAKAAN KOMUNITI CAW KOTA DAMANSARA 
999 |a 054619   |b BUKU   |c JUNIOR BOOKS   |e PERPUSTAKAAN KOMUNITI CAW KOTA DAMANSARA 
999 |a 085630   |b BUKU   |c MALAYSIANA   |e PERPUSTAKAAN KOMUNITI PETALING JAYA